<?xml version="1.0" encoding="utf-8"?>
<?xml-stylesheet type='text/xsl' href='./oai2.xsl'?>
<OAI-PMH xmlns="http://www.openarchives.org/OAI/2.0/" xmlns:xsi="http://www.w3.org/2001/XMLSchema-instance" xsi:schemaLocation="http://www.openarchives.org/OAI/2.0/ http://www.openarchives.org/OAI/2.0/OAI-PMH.xsd">
  <responseDate>2026-05-15T17:37:28Z</responseDate>
  <request verb="GetRecord" metadataPrefix="marcxml" identifier="record_kuniweb_166141">https://kulturerbe.niedersachsen.de/oai</request>
  <GetRecord>
    <record>
      <header>
        <identifier>record_kuniweb_166141</identifier>
        <datestamp>2025-08-28T09:38:22Z</datestamp>
        <setSpec>slg0111</setSpec>
        <setSpec>slg0139</setSpec>
      </header>
      <metadata>
        <marc:record xmlns:marc="http://www.loc.gov/MARC21/slim" xsi:schemaLocation="http://www.loc.gov/MARC21/slim http://www.loc.gov/standards/marcxml/schema/MARC21slim.xsd">
          <marc:leader>12345nkm  22     uu 4500</marc:leader>
          <marc:controlfield tag="001">166141</marc:controlfield>
          <marc:controlfield tag="003">http://kuniweb.gbv.de</marc:controlfield>
          <marc:controlfield tag="005">2025-08-16T18:33:22</marc:controlfield>
          <marc:controlfield tag="008">|           ||||||||||||||||||||||</marc:controlfield>
          <marc:datafield tag="245" ind1="1" ind2="0">
            <marc:subfield code="a">Projekt - Mühlenanlage für Herrn Heinrich Reinhardt in Wichmannshausen, 1900</marc:subfield>
          </marc:datafield>
          <marc:datafield tag="655" ind1=" " ind2="7">
            <marc:subfield code="a">Grafik</marc:subfield>
          </marc:datafield>
          <marc:datafield tag="046" ind1=" " ind2=" ">
            <marc:subfield code="k">1900-12-06</marc:subfield>
            <marc:subfield code="k">06.12.1900</marc:subfield>
          </marc:datafield>
          <marc:datafield tag="260" ind1=" " ind2=" ">
            <marc:subfield code="g">1900-12-06</marc:subfield>
            <marc:subfield code="g">06.12.1900</marc:subfield>
          </marc:datafield>
          <marc:datafield tag="520" ind1=" " ind2=" ">
            <marc:subfield code="a">Zeichnung – Bleistift  
Herstellungsort – Königshütte, (Bad) Lauterberg

Auftraggeber und Standort:
F. Reinhardt, Wichmannshausen

Anmerkung:
In Wichmannshausen hat es zwei Mühlen gegeben, die Obermühle und die Untermühle. 
Die Obermühle war primär Mehl- und Ölmühle, die mit einem unterschlächtigen Wasserrad betrieben wurde. Sie hatte auch einen Holzschneid-, sowie Poch- und Schleifgang, die abwechselnd von einem zweiten Rad betrieben wurden. Heute besteht hier eine Turbine zur Erzeugung von elektrischem Strom für rund 20 Haushalte.  - Zur Obermühle gehörte von 1770-1872 eine Pulvermühle, die Schieß- oder Schwarzpulver für hessische Armeen lieferte. Sie befand sich aus Sicherheitsgründen 500 Meter flussaufwärts der Sontra. Die Grundbestandteile des Pulvers waren Kali-Salpeter, Holzkohle und Schwefel. 
Die Untermühle scheint nicht mehr in Betrieb zu sein, hier heißt es "Die Erneuerung der Untermühle in Wichmannshausen ist eine wünschenswerte private Investition in krisensichere Infrastruktur zur erneuerbaren Energiegewinnung. Doch diese ist  durch den Mindestwassererlass bedroht."
Quelle:
https://www.wasserkraft-in-hessen.de › die-betroffenen

Mühlen in Wichmannshausen:
moln zu Wichmannshusen (1527) [Löwenstein, Quellen Stadt Rotenburg, S. 302-322, Nr. 288, hier S. 315]. In der Schleensteinkarte (1708/10) sind drei Mühlensymbole eingezeichnet, nur die Untermühle auch mit Namen. Um 1740 sind die Ober- und die Untermühle vorhanden. Beide werden über oberschlächtige Wasserräder mit dem Wasser der Sontra betrieben. Die Obermühle erhält 1938, die Untermühle 1936 eine Turbine.
Ferner existieren zeitweise südlich der Ortslage an der Ulfe Pulvermühlen. Ein Pulvermüller wird erstmals 1624 genannt, in der Schleensteinkarte ist eine Pulfermühl eingezeichnet, um 1740 sind drei Pulvermacher im Dorf belegt. In der Karte des Kurfürstenthum Hessen : Niveau Karte auf 112 Blättern, Kassel 1840-1861 / 34: Waldkappel, sind zwei Pulvermühlen an der Ulfe eingezeichnet. In der zweiten Hälfte des 19. Jahrhunderts verlieren die Pulvermühlen ihre Bedeutung.
Quelle:
https://www.lagis-hessen.de › subjects › idrec



Bei der Mühle aus der Zeichnung scheint es sich um die Obermühle zu handeln.


 (Förderkreis Königshütte Bad Lauterberg e.V.)

Verwendungszweck:
Die Zeichnung dient der technischen Produktinformation sowie Produktdokumentation.

Maßstab: 1 zu 50

Literatur in Zusammenhang:
https://www.wasserkraft-in-hessen.de › die-betroffenen https://www.lagis-hessen.de › subjects › idrec</marc:subfield>
          </marc:datafield>
          <marc:datafield tag="650" ind1="1" ind2=" ">
            <marc:subfield code="a">Mühle</marc:subfield>
          </marc:datafield>
          <marc:datafield tag="650" ind1="1" ind2=" ">
            <marc:subfield code="a">Grafik, Fotografie &gt; Zeichnung</marc:subfield>
          </marc:datafield>
          <marc:datafield tag="650" ind1="1" ind2=" ">
            <marc:subfield code="a">Handwerk</marc:subfield>
          </marc:datafield>
          <marc:datafield tag="650" ind1="1" ind2=" ">
            <marc:subfield code="a">Wichmannshausen (Sontra, Werra-Meißner-Kreis, Kassel, Hessen)</marc:subfield>
          </marc:datafield>
          <marc:datafield tag="773" ind1="0" ind2=" ">
            <marc:subfield code="t">Mühlen-, Gips- und sonstige Anlagen</marc:subfield>
          </marc:datafield>
          <marc:datafield tag="773" ind1="0" ind2=" ">
            <marc:subfield code="t">Zeichnungen von Mühlenanlagen</marc:subfield>
          </marc:datafield>
          <marc:datafield tag="852" ind1=" " ind2=" ">
            <marc:subfield code="a">Industriedenkmal Königshütte Bad Lauterberg im Harz</marc:subfield>
          </marc:datafield>
          <marc:datafield tag="" ind1=" " ind2=" ">
            <marc:subfield code="a">Namensnennung - Nicht kommerziell - Keine Bearbeitungen 4.0 International (CC BY-NC-ND 4.0)</marc:subfield>
          </marc:datafield>
        </marc:record>
      </metadata>
    </record>
  </GetRecord>
</OAI-PMH>
